000
00263nam a2200121Ia 4500
008
221030s9999 xx 000 0 und d
041
_a
English
100
_a
R. Ash
245
0
_a
Whitaker`s World of Facts
_c
by R. Ash
260
_c
0
650
_a
B
942
_c
BK
999
_c
17468
_d
17468